| 000 | 00358nmm a2200145 a 4500 | ||
|---|---|---|---|
| 003 | AR-BaBNM | ||
| 005 | 20251128203105.0 | ||
| 008 | 033119s[s.f ||||||||||||||000 | spa|| | ||
| 040 | _cAR-BaBNM | ||
| 100 | 1 | _aBrunetiére, Ferdinand | |
| 245 | 1 | 0 |
_aHonoré de Balzac _b1799-1850 |
| 260 |
_a[S.l.] _bCalmann-Lévy _c[s.f.] |
||
| 942 | _cBK | ||
| 998 | _cArchipretre | ||
| 999 |
_c1838 _d1838 |
||